| 000 | 00842nam a22002297a 4500 | ||
|---|---|---|---|
| 005 | 20251108173500.0 | ||
| 008 | 250721s2003 xx 000 0 ara d | ||
| 082 | 1 | 4 | _aط/219.5/ابر |
| 100 | 1 | _aابراهيم، عبد القادر الشيخ | |
| 245 | 1 | 0 | _aلبيد بن ربيعة العامري رضي الله عنه : من سفراء الإسلام / |
| 264 | 1 |
_aحلب : _bدار القلم العربي، _c[2003]. |
|
| 300 | _a16 ص. | ||
| 490 | 0 |
_aفجر الهدى والإيمان _v15 |
|
| 650 | 1 | 7 | _aالسيرة النبويه |
| 650 | 1 | 7 | _aالصحابه والتابعين |
| 650 | 1 | 7 | _aالسفراء |
| 653 | _aلبيد بن ربيعة العامري | ||
| 653 | _aناشئون صغار(10-14 سنه) | ||
| 700 | 1 |
_aفرهود، أحمد عبد الله _eمراجع |
|
| 942 |
_2ddc _cBK |
||
| 999 |
_c104937 _d104937 |
||